| 000 | 01274nam a22003617a 4500 | ||
|---|---|---|---|
| 001 | 0063923 | ||
| 003 | KOHA_MİRAKIL | ||
| 005 | 20260207004452.0 | ||
| 007 | ta | ||
| 008 | 190304b2019 tu |||gr||||#||||0|tur | | ||
| 020 |
_a9786054619979 _q |
||
| 040 |
_aTR-BiSEU _btur _cTR-BiSEU _erda |
||
| 041 | 0 | _atur | |
| 044 | _ctu | ||
| 050 |
_aDS62.8 _b.D64 2019 |
||
| 111 | 2 |
_aDoğu Akdeniz'den Basra'ya Krizler ve Düzen Uluslararası Güvenlik Sempozyumu(3.: 2019: Ankara) _9118336 |
|
| 245 | 1 |
_aDoğu Akdeniz'den Basra'ya krizler ve düzen: III. uluslararası güvenlik sempozyumu raporu/ _cHazırlayanlar Yılmaz Çolak, Mehmet Şahin, Buğra Sarı, Murat Tınas. |
|
| 264 | 1 |
_aAnkara : _bPolis Akademisi Başkanlığı _c2019 |
|
| 300 | _a66 sayfa: resimli; 20 cm | ||
| 336 |
_ametin _btxt _2rdacontent |
||
| 337 |
_aaracısız _bn _2rdamedia |
||
| 338 |
_acilt _bnc _2rdacarrier |
||
| 490 | 1 |
_aPolis Akademisi yayınları ; _v69. |
|
| 490 | 1 | _aRapor no. | |
| 490 | 1 |
_a ; _v22 |
|
| 650 | 0 |
_aOrtadoğu--Dış ilişkiler _979389 |
|
| 650 | 0 |
_aOrtadoğu--Siyaset ve yönetim _9118337 |
|
| 650 | 0 |
_aOrtadoğu--İlişkiler _954362 |
|
| 830 | 1 |
_aPolis Akademisi yayınları ; _v69. _983713 |
|
| 830 | 1 |
_aRapor no. _983899 |
|
| 830 | 1 |
_a ; _v22 _91620 |
|
| 942 |
_2lcc _cBK |
||
| 999 |
_c63719 _d63719 |
||